NLSUI OPAC header image

Chandigarh : The making of an Indian city (Record no. 40547)

MARC details
000 -LEADER
fixed length control field 00886nam a2200217Ia 4500
003 - CONTROL NUMBER IDENTIFIER
control field OSt
005 - DATE AND TIME OF LATEST TRANSACTION
control field 20220419193639.0
008 - FIXED-LENGTH DATA ELEMENTS--GENERAL INFORMATION
fixed length control field 160316s1998 xxu||||| |||| 00| 0 eng d
020 ## - INTERNATIONAL STANDARD BOOK NUMBER
International Standard Book Number 9780195650303
040 ## - CATALOGING SOURCE
Transcribing agency nls
082 ## - DEWEY DECIMAL CLASSIFICATION NUMBER
Classification number 307.109540
Item number KAL
100 ## - MAIN ENTRY--PERSONAL NAME
Personal name Kalia Ravi
245 ## - TITLE STATEMENT
Title Chandigarh : The making of an Indian city
260 ## - PUBLICATION, DISTRIBUTION, ETC.
Place of publication, distribution, etc. Delhi
Name of publisher, distributor, etc. Oxford University Press
Date of publication, distribution, etc. 1998
300 ## - PHYSICAL DESCRIPTION
Extent 201p
Dimensions ix
365 ## - TRADE PRICE
Price amount Rs. 825
505 ## - FORMATTED CONTENTS NOTE
Formatted contents note Summary:<br/>This updated edition provides a history of the planning and development of Chandigarh, focusing on the major figures involved in conceiving and creating it. It relates the aims of the Indian government's original plans, and the vision and design of Le Corbusier, to present-day Chandigarh
650 ## - SUBJECT ADDED ENTRY--TOPICAL TERM
Topical term or geographic name entry element 1. City Planning - Chandigarh - India2. Urban Policy - Architects 3. Social Conditions
700 ## - ADDED ENTRY--PERSONAL NAME
Personal name
--
942 ## - ADDED ENTRY ELEMENTS (KOHA)
Source of classification or shelving scheme Dewey Decimal Classification
Koha item type BOOKs
Holdings
Withdrawn status Lost status Damaged status Not for loan Home library Current library Shelving location Date acquired Cost, normal purchase price Total Checkouts Full call number Barcode Date last seen Date last checked out Price effective from Koha item type
        . . General Stacks 30.05.2017 825.00 1 307.10954 KAL 34175 10.05.2024 07.05.2024 30.05.2017 BOOKs